| 000 | 00526nam a2200157Ia 4500 | ||
|---|---|---|---|
| 008 | 230907s9999||||xx |||||||||||||| ||und|| | ||
| 082 |
_a621.31 _bSHE |
||
| 100 |
_aSherjeel Mahmood Baig (00000171714) _9116427 |
||
| 245 | 0 | _aAgent-based Modeling and Simulation of an Optimal Bidding Approach for Financial Transmission Rights Auction / | |
| 260 |
_aUSPCAS-E, NUST, _bIslamabad : _c2019 |
||
| 300 | _a5 p. | ||
| 520 | _aTH-129 | ||
| 650 | _aMS-EEP Thesis MS Thesis | ||
| 700 |
_aDr. Kashif Imran _9117108 |
||
| 942 |
_cTHE _2ddc |
||
| 999 |
_c601808 _d601808 |
||